بناء الجملة المركبة فى صحيفة الشرق الأوسط
Saved in:
| 主要作者: | |
|---|---|
| 其他作者: | |
| 格式: | Thesis |
| 语言: | Arabic |
| 出版: |
خرطوم
: معهد خرطوم دولى غة عربية،
1986
|
| 主题: | |
| 标签: |
添加标签
没有标签, 成为第一个标记此记录!
|
| LEADER | 011700000a22003130004500 | ||
|---|---|---|---|
| 001 | 89557 | ||
| 005 | 20021115000300.0 | ||
| 008 | 940203s1986 ara | ||
| 035 | |a 295910 | ||
| 035 | |a (Sirsi) 89557 | ||
| 040 | |a UIAM |b eng | ||
| 049 | |b m | ||
| 050 | |a PJ6153 | ||
| 100 | 1 | |a خواجة، على حسن | |
| 245 | 1 | 0 | |a بناء الجملة المركبة فى صحيفة الشرق الأوسط |
| 246 | 0 | 0 | |a Bina' al-jumlat al-murakkabah fi sahifat al-Sharq al-Awsat / |c i'dad 'Ali Hasan Khawajah; ishraf Bakri Muhammad al-Hajj Muhammad |
| 260 | 1 | |a خرطوم |b : معهد خرطوم دولى غة عربية، |c 1986 | |
| 300 | |a 143 p. | ||
| 502 | |a (M.A)--Ma'had al-Khurtum al-Dawli lil-Lughat al-'Arabiyah, 1986 | ||
| 596 | |a 1 | ||
| 650 | 0 | |a Arabic language |x Sentences | |
| 650 | 0 | |a Newspapers |x Language | |
| 650 | 0 | |a Journalism |x Language | |
| 650 | 0 | |a Arabic newspapers |x Language | |
| 655 | 0 | 7 | |a Theses, non-IIUM |
| 700 | 1 | |a Khawajah, 'Ali Hasan | |
| 900 | |a checked a r r 290694 | ||
| 999 | |c 430626 |d 462117 | ||
| 952 | |0 0 |6 T PJ 006153 K45B |7 0 |8 THESES |9 749898 |a IIUM |b IIUM |c MULTIMEDIA |g 0.00 |o t PJ6153K45B |p 00000295911 |r 2017-10-20 |t 1 |v 0.00 |y THESIS | ||
